<?xml version="1.0" encoding="UTF-8"?>
<record
    xmlns:xsi="http://www.w3.org/2001/XMLSchema-instance"
    xsi:schemaLocation="http://www.loc.gov/MARC21/slim http://www.loc.gov/standards/marcxml/schema/MARC21slim.xsd"
    xmlns="http://www.loc.gov/MARC21/slim">

  <leader>01433nam a22001457a 4500</leader>
  <controlfield tag="008">180920b        xxu||||| |||| 00| 0 eng d</controlfield>
  <datafield tag="020" ind1=" " ind2=" ">
    <subfield code="a">0030398665</subfield>
  </datafield>
  <datafield tag="050" ind1=" " ind2=" ">
    <subfield code="a">HG4026.W45</subfield>
  </datafield>
  <datafield tag="100" ind1=" " ind2=" ">
    <subfield code="a">Weston,J.Fred.</subfield>
  </datafield>
  <datafield tag="245" ind1=" " ind2=" ">
    <subfield code="a">Managerial finance. /</subfield>
    <subfield code="c">Eugene F.Brigham.</subfield>
  </datafield>
  <datafield tag="300" ind1=" " ind2=" ">
    <subfield code="a">xvi,1030p.:</subfield>
    <subfield code="b">ill.;</subfield>
    <subfield code="c">24cm.</subfield>
  </datafield>
  <datafield tag="500" ind1=" " ind2=" ">
    <subfield code="a">Includes Index and Glossary.</subfield>
  </datafield>
  <datafield tag="505" ind1=" " ind2=" ">
    <subfield code="a">Contents:Part 1:Overview  of finance:Analysis,planning,and control -- Scope and nature of managerial finance -- Ratio Analysis -- Profit planning -- Financial forecasting -- Financial planning and control-budgeting -- Part 2:Working capital policy -- Current asset management -- Major sources and forms of short-term financing -- Part 3:Decisions involving long-term assets -- The interest factor in financial decisions -- Capital budgeting  techniques -- Investment decisions under uncertainty -- Part 4:Sources and forms of long-term financing -- The Market for long-term securities -- Common stock -- Warrants and convertibles -- Part 5: Financial structure and the cost of capital -- Valuation and cost of return -- Financial structure and the use of leverage -- Dividend policy and internal financing -- Part 6:Integrated topics in financial management -- Timing  of financial policy -- External growth:Mergers and holding companies -- Failure,reorganization and liquidation -- Multinational business finance -- Financial management in the small firm.</subfield>
  </datafield>
  <datafield tag="942" ind1=" " ind2=" ">
    <subfield code="2">lcc</subfield>
    <subfield code="c">BK</subfield>
  </datafield>
  <datafield tag="999" ind1=" " ind2=" ">
    <subfield code="c">6721</subfield>
    <subfield code="d">14221</subfield>
  </datafield>
  <datafield tag="952" ind1=" " ind2=" ">
    <subfield code="0">0</subfield>
    <subfield code="1">0</subfield>
    <subfield code="2">lcc</subfield>
    <subfield code="4">0</subfield>
    <subfield code="7">0</subfield>
    <subfield code="a">WIUC-1</subfield>
    <subfield code="b">WIUC-1</subfield>
    <subfield code="c">GEN</subfield>
    <subfield code="d">2018-09-20</subfield>
    <subfield code="l">0</subfield>
    <subfield code="o">HG4026.W45</subfield>
    <subfield code="p">8073/035/16</subfield>
    <subfield code="r">2018-09-20 00:00:00</subfield>
    <subfield code="w">2018-09-20</subfield>
    <subfield code="y">BK</subfield>
  </datafield>
</record>
